000 00635cam a22002411 4500
001 sa 66004439
003 DLC
005 20260227112242.0
008 890318s1964 xx 000 0 hinr
010 _asa 66004439
035 _a(OCoLC)23563022
040 _aDLC
_cMiU
_dDLC
042 _apremarc
043 _aa-ii---
050 0 0 _aJS7005
_b.S4
100 1 _aShastri, Ramesh Chandra.
245 1 0 _aBhārata meṃ pañcāyatī rāja.
260 _a[n.p.]
_c1964.
300 _a7, 4, 342 p.
_bports. (part col.)
_c23 cm.
500 _aRomanized.
650 0 _aLocal government
_zIndia
_xHistory.
650 0 _aPanchayat
_zIndia.
999 _c69419
_d69419